02582cam a22004218a 4500090000600000001000900006005001700015008004100032010001700073020002900090020002600119020002500145020002200170020002600192020002300218040001800241050002300259082002000282100002000302245008000322260003300402263000900435300002600444500006700470504005100537505103000588610003001618610005801648650002901706650002501735650003801760650002601798856008301824856009101907942001201998999001702010952013302027 c01481974220070723114109.0070423s2007 enk b 001 0 eng  a 2007016951 a9780415774048 (hardback) a0415774047 (hardback) a9780415774055 (pbk.) a0415774055 (pbk.) a9780203946039 (ebook) a0203946030 (ebook) aDLCcDLCdDLC00aJZ1318b.D432 200700a382.92222bDEE1 aDeese, David A.10aWorld Trade Politics :bPower, Principles and Leadership /cDavid A. Deese. aLondon :bRoutledge,cc2008. a0712 axiv, 224 p. :c24 cm. a"Simultaneously published in the USA and Canada by Routledge." aIncludes bibliographical references and index.0 aPrinciples, power, and leadership : why study international political leadership and the global trade regime -- What is political leadership in international relations? How can it be studied in institutionalized negotiations? -- The founding: World War II to the turbulent 1970s : early GATT rounds and the ITO collapse: contrasting the Dillon and Kennedy rounds -- The Tokyo round launch: 1973, GATT, 1975, 1995: from endangered species to unprecedented authority -- The glass is one half empty: non-GATT governed trade policy and protection of 1970s-1980s -- Closing the Tokyo round -- More than anyone expected, a new WTO -- Foundations for the future: can the WTO become relevant to development and its least developed members? -- The "tear gas" ministerial: why Seattle failed in 1999 -- Doha, 2001, and the new "development round" -- The meaning of collapse at Cancun, Mexico, 2003 -- Why international institutions fail and succeed -- Insights for WTO reform -- How, when, and why international institutions work best.20aWorld Trade Organization.20aGeneral Agreement on Tariffs and Trade (Organization) 0aInternational relations. 0aInternational trade. 0aInternational economic relations. 0aPolitical leadership.413Table of contents onlyuhttp://www.loc.gov/catdir/toc/ecip0716/2007016951.html423Publisher descriptionuhttp://www.loc.gov/catdir/enhancements/fy0731/2007016951-d.html 2ddccBB c10511d10511 00102ddc40708AlahramaMAINbMAINc1STd2009-01-29epurchaseg261.70h6457l0o382.92 DEEp000014373r2025-07-15 00:00:00yBB